| 000 | 01248nam a2200301 i 4500 | ||
|---|---|---|---|
| 001 | bg | ||
| 003 | BPK | ||
| 005 | 20220706084133.0 | ||
| 008 | 100701s1998 pl |000 0 pol | ||
| 015 | _aPB 2000/4782 | ||
| 020 | _a8390781387 | ||
| 040 |
_aWA N _cBPK |
||
| 041 | 0 | _apol | |
| 080 | _a327.51 | ||
| 080 | _a355.3 | ||
| 080 | _a061.1(100-622) | ||
| 245 | 0 | 0 |
_aReforma NATO : _bseminarium "Polska wobec reformy wewnętrznej NATO" / _cpraca pod red. Erharda Cziomera ; [Fundacja "Międzynarodowe Centrum Rozwoju Demokracji", Friedrich Ebert Stiftung. Przedstawicielstwo w Polsce]. |
| 260 |
_aKraków : _bF"MCRD", _c1998. |
||
| 300 |
_a74, [6] s. ; _c21 cm. |
||
| 490 | 1 |
_aZeszyty / Fundacja "Międzynarodowe Centrum Rozwoju Demokracji" ; _vz. 28. |
|
| 610 | 2 | 4 | _aNATO |
| 700 | 1 |
_aCziomer, Erhard _d(1940-2020) _eRedakcja |
|
| 710 | 2 | _aMiędzynarodowe Centrum Rozwoju Demokracji | |
| 710 | 2 | _aPrzedstawicielstwo w Polsce (Fundacja im. Friedricha Eberta) | |
| 830 | 0 |
_aZeszyty Fundacji "Międzynarodowe Centrum Rozwoju Demokracji" ; _vz. 28. |
|
| 856 |
_uhttp://koha.tu.koszalin.pl/cgi-bin/koha/opac-detail.pl?biblionumber=39173 _yKatalog online BPK |
||
| 942 |
_2UKD _cKS |
||
| 999 |
_c39173 _d39173 |
||